Airport and Airway Improvement Act of 1981 : (Record no. 938245)

MARC details
000 -LEADER
fixed length control field 01269nam a2200301 a 4500
001 - CONTROL NUMBER
control field vtls001487807
003 - CONTROL NUMBER IDENTIFIER
control field NLI
005 - DATE AND TIME OF LATEST TRANSACTION
control field 20210627133447.0
008 - FIXED-LENGTH DATA ELEMENTS--GENERAL INFORMATION
fixed length control field 121207s1981 dcua f000 0 eng
039 #9 - LEVEL OF BIBLIOGRAPHIC CONTROL AND CODING DETAIL [OBSOLETE]
-- 201212071814
-- VLOAD
040 ## - CATALOGING SOURCE
Original cataloging agency NLI
Language of cataloging eng
Transcribing agency Datasoft_FOD
Description conventions AACR2
041 0# - LANGUAGE CODE
Language code of text/sound track or separate title eng
044 ## - COUNTRY OF PUBLISHING/PRODUCING ENTITY CODE
MARC country code dcu
082 04 - DEWEY DECIMAL CLASSIFICATION NUMBER
Classification number 343.7309770262
110 1# - MAIN ENTRY--CORPORATE NAME
Corporate name or jurisdiction name as entry element United States.
Subordinate unit Congress.
-- House.
-- Committee on Public Works and Transportation.
-- Subcommittee on Aviation.
9 (RLIN) 713718
245 10 - TITLE STATEMENT
Title Airport and Airway Improvement Act of 1981 :
Remainder of title hearings before the Subcommittee on Aviation of the Committee on Public Works and Transportation, House of Representatives, Ninety-seventh Congress, first session, on H.R. 2643, March 31, April 1 and 2, 1981
260 ## - PUBLICATION, DISTRIBUTION, ETC.
Place of publication, distribution, etc. [Washington, D.C.] :
Name of publisher, distributor, etc. United state government printing office,
Date of publication, distribution, etc. 1981
300 ## - PHYSICAL DESCRIPTION
Extent lxxxi, 701 p. :
Other physical details ill. ;
Dimensions 24 cm.
500 ## - GENERAL NOTE
General note Item 1024-A, 1024-B (microfiche)
650 #0 - SUBJECT ADDED ENTRY--TOPICAL TERM
Topical term or geographic name entry element Airports
General subdivision Law and legislation
Geographic subdivision United States
9 (RLIN) 714535
650 #0 - SUBJECT ADDED ENTRY--TOPICAL TERM
Topical term or geographic name entry element Air traffic rules
Geographic subdivision United States
9 (RLIN) 932224
887 ## - NON-MARC INFORMATION FIELD
Content of non-MARC field
901 ## - LOCAL DATA ELEMENT A, LDA (RLIN)
a AD 159296
b 22.09.2010
9 1981
902 ## - LOCAL DATA ELEMENT B, LDB (RLIN)
a U.S 343.7309770262 Un 3
904 ## - LOCAL DATA ELEMENT D, LDD (RLIN)
l E 9253
949 ## - LOCAL PROCESSING INFORMATION (OCLC)
-- VIRTUAITEM
-- 10002
-- 100
6 FOD000159296ENG
9 1981
942 ## - ADDED ENTRY ELEMENTS (KOHA)
Source of classification or shelving scheme Dewey Decimal Classification
Koha item type Books
Holdings
Withdrawn status Lost status Damaged status Not for loan Collection code Home library Current library Shelving location Date acquired Total Checkouts Full call number Barcode Date last seen Price effective from Koha item type
          National Library of India National Library of India       U.S 343.7309770262 Un 3 FOD000159296ENG 27/06/2021 27/06/2021 Books
                                                                           
web counter

Copyright ©2020 The National Library of India, Govt. of India ↔ Hosted by NVLI, MOC ↔ Technology and Design by National Library of India, Ministry of Culture, Govt. of India